[Event "Landesliga Nord 1213 U20"]
[Site "Bayern"]
[Date "2013.03.02"]
[Round "6.1"]
[White "Duezardic, Hakan"]
[Black "Ott, Florian"]
[Result "0-1"]
[WhiteElo "1878"]
[BlackElo "2120"]
[PlyCount "80"]
[EventDate "2012.10.20"]
[EventType "team-tourn"]
[EventRounds "7"]
[EventCountry "GER"]
[SourceTitle "EXT 2020"]
[Source "ChessBase"]
[SourceDate "2019.10.17"]
[SourceVersion "1"]
[SourceVersionDate "2019.10.17"]
[SourceQuality "1"]
[WhiteTeam "Windheim U20"]
[BlackTeam "Amberg Siemens U20"]
[WhiteTeamCountry "GER"]
[BlackTeamCountry "GER"]

1. c4 e5 2. Nc3 Nc6 3. g3 d6 4. Bg2 g6 5. e3 Bg7 6. Nge2 Nh6 7. d4 exd4 8. exd4 0-0 9. 0-0 Bg4 10. h3 Bxe2 11. Nxe2 Nf5 12. d5 Ne5 13. Qc2 Re8 14. f4 Nd7 15. Rb1 Rxe2 16. Qxe2 Nxg3 17. Qf3 Nxf1 18. Bxf1 f5 19. b4 a5 20. a3 axb4 21. axb4 Nf6 22. Bd3 Qe7 23. Bd2 Ra3 24. Bc1 Qe1+ 25. Kg2 Ra2+ 26. Rb2 Ra1 27. Be3 Qh1+ 28. Kf2 Ne4+ 29. Bxe4 Rf1+ 30. Kg3 Qxf3+ 31. Bxf3 Bxb2 32. c5 Ba3 33. Be2 Rb1 34. cxd6 cxd6 35. b5 Kf7 36. Kf3 Ke7 37. Bd3 Rb3 38. Ke2 Bc5 39. Bd2 Bd4 40. h4 h5 0-1

[Event "Oberfranken-ch U16 0809"]
[Site "Schney"]
[Date "2009.01.04"]
[Round "6"]
[White "Duezardic, Hakan"]
[Black "Pfadenhauer, Johannes"]
[Result "0-1"]
[WhiteElo "1755"]
[BlackElo "1725"]
[PlyCount "56"]
[EventDate "2009.01.02"]
[EventType "swiss"]
[EventRounds "7"]
[EventCountry "GER"]
[SourceTitle "EXT 2012"]
[Source "ChessBase"]
[SourceDate "2011.11.24"]
[SourceVersion "1"]
[SourceVersionDate "2011.11.24"]
[SourceQuality "1"]

1. c4 e5 2. Nc3 Nc6 3. g3 Bc5 4. Bg2 a6 5. e3 d6 6. Nge2 Bd7 7. 0-0 h5 8. d4 Ba7 9. b3 exd4 10. exd4 h4 11. Bb2 Qg5 12. f4 Qh6 13. Ne4 hxg3 14. hxg3 Bg4 15. Kf2 Qe6 16. c5 Rh2 17. Kg1 Rxg2+ 18. Kxg2 Qxe4+ 19. Kh2 0-0-0 20. Rf2 Nf6 21. Kg1 Rh8 22. Rh2 Qe3+ 23. Rf2 Rh1+ 24. Kxh1 Qxf2 25. Ng1 Bxd1 26. Rxd1 Ng4 27. Nf3 Qxf3+ 28. Kg1 Qxg3+ 0-1